000 00687nam a2200217Ii 4500
003 JO-AjNU
008 230605s9999||||xx |||||||||||||| ||und||
017 _a1997/8/1109
040 _aJO-AjNU
_bara
_erda
_cJO-AjNU
041 _aara
050 1 4 _aK4095.4.Y3522.1998
100 3 _a ياملكي، أكرم ,
_eauthor
_946902
245 0 0 _aالقانون الجوي " دراسة مقارنة "
250 _a(د،ط)
264 3 1 _aعمان : دار الثقافة ، 1997
300 _a159ص
336 _atext
_btxt
_2rdacontent
337 _aunmediated
_bn
_2rdamedia
338 _avolume
_bnc
_2rdacarrier
650 4 _aقانون جوي -- قوانين وتشريعات
_946903
999 _aA20437
_c24005
_d24005